| 000 | 01038nam a2200277 i 4500 | ||
|---|---|---|---|
| 001 | bg | ||
| 245 | 0 | 0 |
_aDams, fish and fisheries : _bopportunities, challenges and conflict resolution / _ced. by Gerd Marmulla. |
| 260 |
_aRome : _bFood and Agriculture Organization of the United Nations, _c2001 _e(0429-9345). |
||
| 300 |
_aV, 166 s. : _bil. ; _c30 cm. |
||
| 490 | 1 |
_aFAO Fisheries Technical Paper ; _v419 |
|
| 504 | _aBibliogr. przy pracach. | ||
| 650 | 9 |
_aRyby słodkowodne _xekologia |
|
| 650 | 9 |
_aRybołówstwo _xzagadnienia |
|
| 650 | 9 |
_aZbiorniki wodne _xwpływ na środowisko |
|
| 650 | 9 |
_aZbiorniki wodne _xekologia |
|
| 700 | 1 |
_aMARMULLA, Gerd. _eRed. |
|
| 830 | _aFAO Fisheries Technical Paper ; | ||
| 020 | _a9251046948 | ||
| 040 | _cBPK | ||
| 041 | 0 | _aeng | |
| 080 | _a574.5:504.4:627.8 | ||
| 920 | _a92-5-104694-8 | ||
| 942 | _cKS | ||
| 008 | s pl f |000 0 pol | ||
| 999 |
_c45928 _d45928 |
||
| 856 |
_uhttp://koha.tu.koszalin.pl/cgi-bin/koha/opac-detail.pl?biblionumber=45928 _yKatalog online BPK |
||